[Event "Yerevan op 1st"]
[Site "Yerevan"]
[Date "2016.10.08"]
[Round "7"]
[White "Mashi, Houshang"]
[Black "Nassajtorshizi, Amirmorteza"]
[Result "1-0"]
[WhiteElo "1812"]
[BlackElo "1979"]
[PlyCount "101"]
[EventDate "2016.10.02"]
[EventType "swiss"]
[EventRounds "9"]
[EventCountry "ARM"]
[SourceTitle "EXT 2017"]
[Source "ChessBase"]
[SourceDate "2016.10.25"]
[SourceVersion "1"]
[SourceVersionDate "2016.10.25"]
[SourceQuality "1"]

1. d4 Nf6 2. Nf3 c5 3. e3 cxd4 4. exd4 g6 5. c4 d5 6. Nc3 Bg7 7. Be2 0-0 8. 0-0 dxc4 9. Bxc4 Bg4 10. Be3 Nc6 11. h3 Bxf3 12. Qxf3 Nxd4 13. Qxb7 Nc2 14. Rad1 Qc8 15. Qxc8 Raxc8 16. Bb3 Nxe3 17. fxe3 e6 18. g4 h5 19. g5 Nh7 20. Ne4 Bxb2 21. h4 a5 22. Nd6 Rc7 23. Kg2 Kg7 24. Rf2 Be5 25. Nc4 Bc3 26. Nd6 Be5 27. Nc4 Rc5 28. Nb6 Rb5 29. Nd7 Rd8 30. Ba4 Rb4 31. Nxe5 Rf8 32. Bb3 Rxh4 33. Rf4 Rxf4 34. exf4 a4 35. Bxa4 f6 36. Rd7+ Kg8 37. Nxg6 Rf7 38. Rd8+ Kg7 39. gxf6+ Rxf6 40. Ne5 Rxf4 41. Bb3 Ng5 42. Rc8 Re4 43. Rc7+ Kg8 44. Nd7 Rg4+ 45. Kf2 Rf4+ 46. Ke3 Rf1 47. Rc5 Rg1 48. Nf6+ Kf7 49. Nxh5 Kg6 50. Nf4+ Kf6 51. Rc6 1-0

[Event "Yerevan op 1st"]
[Site "Yerevan"]
[Date "2016.10.03"]
[Round "2"]
[White "Mashi, Houshang"]
[Black "Shmavonyan, Areg"]
[Result "1-0"]
[WhiteElo "1812"]
[BlackElo "2058"]
[PlyCount "73"]
[EventDate "2016.10.02"]
[EventType "swiss"]
[EventRounds "9"]
[EventCountry "ARM"]
[SourceTitle "EXT 2017"]
[Source "ChessBase"]
[SourceDate "2016.10.25"]
[SourceVersion "1"]
[SourceVersionDate "2016.10.25"]
[SourceQuality "1"]

1. d4 d5 2. c4 e6 3. Nf3 Nf6 4. Nc3 Be7 5. e3 0-0 6. Bd3 b6 7. 0-0 Bb7 8. b3 Nbd7 9. Bb2 c5 10. Rc1 Rc8 11. cxd5 exd5 12. Qe2 Bd6 13. Rfd1 Qe7 14. Nh4 g6 15. Nf3 Rfe8 16. Bb5 Qe6 17. Rc2 Red8 18. Rcd2 Nb8 19. Bd3 Ne4 20. Bxe4 dxe4 21. Ng5 Qf5 22. dxc5 Ba6 23. Qe1 Bd3 24. Ncxe4 Bxe4 25. Nxe4 Be7 26. Nd6 Bxd6 27. Rxd6 Rxd6 28. Rxd6 Qxc5 29. Qd2 Nc6 30. h3 h5 31. a3 Kh7 32. b4 Qc4 33. e4 b5 34. Rd7 Re8 35. Qf4 Nd8 36. Qf6 Ne6 37. Qxf7+ 1-0